Déficit fiscal en Colombia / (Registro nro. 8372)
[ vista simple ]
| 000 -LEADER | |
|---|---|
| fixed length control field | 01589nam a2200229Ia 4500 |
| 003 - CONTROL NUMBER IDENTIFIER | |
| control field | OSt |
| 005 - DATE AND TIME OF LATEST TRANSACTION | |
| control field | 20210823155953.0 |
| 008 - FIXED-LENGTH DATA ELEMENTS--GENERAL INFORMATION | |
| fixed length control field | 210310s1982 ck fr 100 0 spa d |
| 040 ## - CATALOGING SOURCE | |
| Original cataloging agency | CO-JMCR |
| Transcribing agency | CO-JMCR |
| 041 0# - LANGUAGE CODE | |
| Language code of text/sound track or separate title | spa |
| 082 04 - DEWEY DECIMAL CLASSIFICATION NUMBER | |
| Classification number | 336.309861 / |
| Item number | F727d |
| Edition number | 23 |
| 111 2# - MAIN ENTRY--MEETING NAME | |
| Meeting name or jurisdiction name as entry element | Foro Económico Nacional. Foro Regional de Medellín |
| Date of meeting or treaty signing | (7 y 21 septiembre 1982 : |
| Location of meeting | Medellín, Bogotá) |
| 9 (RLIN) | 39556 |
| 245 10 - TITLE STATEMENT | |
| Title | Déficit fiscal en Colombia / |
| Statement of responsibility, etc. | Foro Económico Nacional. Foro Regional de Medellín |
| 260 ## - PUBLICATION, DISTRIBUTION, ETC. | |
| Place of publication, distribution, etc. | Bogotá ; Medellín : |
| Name of publisher, distributor, etc. | Contraloría General de la Republica, Fundación Friedrich EBERT de Colombia Fescol, |
| Date of publication, distribution, etc. | 1982 |
| 300 ## - PHYSICAL DESCRIPTION | |
| Extent | 144 páginas ; |
| Dimensions | 20 cm. |
| 500 ## - GENERAL NOTE | |
| General note | "Recopilación de las ponencias, comentarios y resúmenes referentes a los dos foros realizados en Medellín y Bogotá en septiembre 7 y 21 respectivamente."--Portada |
| 505 0# - FORMATTED CONTENTS NOTE | |
| Title | El problema fiscal en Colombia / |
| Statement of responsibility | Javier Fernández |
| Title | El déficit fiscal y el gasto público social en Colombia / |
| Statement of responsibility | Bernardo Kugler |
| Title | El déficit fiscal / |
| Statement of responsibility | Enrique Low |
| Title | La crisis del déficit / |
| Statement of responsibility | Federico Nieto Tafur |
| Title | ¿Cómo manejar el Déficit fiscal? / |
| Statement of responsibility | Florangela Gómez |
| Title | Una visión Keynesiana del Déficit Fiscal / |
| Statement of responsibility | José Antonio Ocampo |
| Title | El Déficit Fiscal: Un nuevo demonio? / |
| Statement of responsibility | Diego Otero |
| Title | El Déficit Fiscal / |
| Statement of responsibility | Guillermo Perry |
| Title | El Déficit Fiscal y la contabilidad / |
| Statement of responsibility | Luis Jaime Velásquez |
| Title | El origen político del desequilibrio fiscal / |
| Statement of responsibility | Eduardo Wiesner Durán |
| 650 14 - SUBJECT ADDED ENTRY--TOPICAL TERM | |
| Topical term or geographic name entry element | Política Fiscal |
| 9 (RLIN) | 17081 |
| Geographic subdivision | Colombia |
| 650 24 - SUBJECT ADDED ENTRY--TOPICAL TERM | |
| Topical term or geographic name entry element | Finanzas |
| Geographic subdivision | Colombia |
| 9 (RLIN) | 6833 |
| 651 #4 - SUBJECT ADDED ENTRY--GEOGRAPHIC NAME | |
| Geographic name | Colombia |
| General subdivision | Aspectos Económicos |
| 9 (RLIN) | 37370 |
| 942 ## - ADDED ENTRY ELEMENTS (KOHA) | |
| Source of classification or shelving scheme | Dewey Decimal Classification |
| Koha item type | Books |
| Withdrawn status | Lost status | Source of classification or shelving scheme | Damaged status | Not for loan | Collection code | Home library | Current library | Date acquired | Source of acquisition | Total Checkouts | Full call number | Barcode | Date last seen | Date last checked out | Copy number | Koha item type |
|---|---|---|---|---|---|---|---|---|---|---|---|---|---|---|---|---|
| Dewey Decimal Classification | Non-fiction | Biblioteca Pública José María del Castillo y Rada | Biblioteca Pública José María del Castillo y Rada | 04/15/2018 | Donación | 2 | 336.309861 / F727d | 430006342 | 05/16/2024 | 06/16/2023 | Ej.1 | Books |